| 000 | 01671nam a2200121Ia 4500 | ||
|---|---|---|---|
| 008 | 220615s9999||||xx |||||||||||||| ||und|| | ||
| 100 | _aTalero, Elena||Avila-Román, Javier | ||
| 245 | 0 | _aMarine Anti-inflammatory Agents | |
| 546 | _aEnglish[eng] | ||
| 650 | _aTropical Eastern Pacific||Zoanthus pulchellus||critical illness||zoanthamine||SPR analysis||dendritic cells||endothelial cell death||T cell differentiation||seafood waste||microalgae||pyrogallol-phloroglucinol-6||NRLP3||THP-1 macrophages||fucoxanthin||photo-protection||cytokine||thromboxane||Isochrysis galbana||fish oil||photoprotection||functional ingredients||rosmarinic acid||MAPK||marine invertebrates||poor blood circulation||anti-inflammatory activity||eicosapentaenoic acid||anti-oxidative||macroalgae||colon inflammation||MGDG||TLR4||6-bieckol||polyunsaturated fatty acid||matrix metalloproteinases-9 (MMP-9)||acute sickness behavior||UVB||eicosanoid||clavulones||carotenoids||denervation||polyunsaturated fatty acids||skin||epidermal hyperplasia||Geodia barretti||omega-3||parenteral nutrition||inflammation||ultraviolet B||docosahexaenoic acid||signal transducer and activator of transcription 3 (STAT3)||anti-inflammatory||zoantharia||vascular smooth muscle cell proliferation and migration||bioactive molecules||polysaccharides||lipopolysaccharide (LPS)||glycolipids||DSS colitis||punaglandins||marine nutraceuticals||marine vertebrates||phlorotannins||acute lung injury (ALI)||NF-?B||diatoms||interleukin (IL)||inflammasome||Frondanol||Cucumaria frondosa||prostaglandins||Ecklonia cava||6-bromoindole||NO inhibition||surgery | ||
| 856 | _uhttps://mdpi.com/books/pdfview/book/1745 | ||
| 942 | _cEB | ||
| 999 |
_c12250 _d12250 |
||